000 01546nam a2200241Ia 4500
003 Ost
005 20260416102349.0
008 260416s9999||||xx |||||||||||||| ||und||
040 _cfsecg
041 _aara
082 _a332.46
100 _aصديقي، مليكة
_eمؤلف
245 0 _aالإصلاحات المالية في الجزائر /
_c مليكة صديقي
260 _aالجزائر
_bجامعة الجزائر3: كلية العلوم الإقتصادية، العلوم التجارية وعلوم التسيير
_c2014
300 _a121 ورقة
_bايضاحات
_c30 سم
504 _aمراجع ص.119 ملحق: ص.121
520 _aطرق تمويل الاقتصاد وأهمية الوساطة المالية ، التحرير المالي والتطورات المصرفية منذ الثمانينات ، الاصلاحات المالية:1962-1980 ، الاصلاحات المالية في الجزائر 1686-1988 ،اصلاح النظام المصرفي وقانون النقد والقرض 10/90 ، واقع الخدمة المصرفية في الجزائر ، نظام الدفع في الجزائر ،السوق المالي في الجزائر ،التأمينات في الجزائر
653 _aالاصلاح النقدي
653 _aالاقتصاد المالي
653 _aالتأمين - البنوك
710 _aجامعة الجزائر3: كلية العلوم الإقتصادية، العلوم التجارية وعلوم التسيير
_eناشر علمي
942 _cHANDOUT
999 _c40947
_d40947